Statistics for Modern day countries of French colonial empire on a Map

Click here to take the quiz!

General Stats

  • This quiz has been taken 3,852 times
    (2,588 since last reset)
  • The average score is 24 of 30

Answers on the Map

Answers color-coded by a green-red scale on the quiz's map according to % correct below.
 

Answer Stats

Answer% Correct
Algeria
95%
France
94%
Mali
92%
Morocco
92%
Niger
92%
Chad
91%
Tunisia
90%
Mauritania
88%
Ivory Coast
86%
Senegal
86%
Benin
85%
Cameroon
85%
Central African Republic
85%
Congo
85%
Guinea
85%
Vietnam
85%
Burkina Faso
84%
Togo
84%
Laos
83%
Cambodia
82%
Gabon
82%
Madagascar
76%
Syria
70%
Lebanon
65%
Comoros
64%
Djibouti
60%
China
51%
India
49%
Vanuatu
47%
Turkey
40%

Score Distribution

Percentile by Number Answered

Percent of People with Each Score

Your Score History

You have not taken this quiz since the last reset